[Event "MP do 16 lat - chlopcy"]
[Site "Sypniewo"]
[Date "2022.03.20"]
[Round "2.17"]
[White "Grzadka, Artur"]
[Black "Madajczak, Piotr"]
[Result "0-1"]
[BlackElo "1902"]
[WhiteElo "1710"]
[LiveChessVersion "1.4.8"]

1. d4 {[%clk 1:30:58]} f5 {[%clk 1:30:51]} 2. c4 {[%clk 1:31:25]} Nf6
{[%clk 1:31:13]} 3. Nc3 {[%clk 1:31:42]} b6 {[%clk 1:31:23]} 4. Bg5
{[%clk 1:30:31]} e6 {[%clk 1:31:27]} 5. e3 {[%clk 1:24:15]} Bb7 {[%clk 1:30:30]}
6. Nf3 {[%clk 1:22:50]} Bb4 {[%clk 1:30:44]} 7. Qb3 {[%clk 1:20:55]} a5
{[%clk 1:27:43]} 8. a3 {[%clk 1:20:53]} Bxc3+ {[%clk 1:28:06]} 9. Qxc3
{[%clk 1:21:17]} d6 {[%clk 1:22:17]} 10. Bd3 {[%clk 1:18:10]} O-O
{[%clk 1:09:41]} 11. O-O-O {[%clk 1:08:56]} a4 {[%clk 1:02:41]} 12. Ne1
{[%clk 1:08:36]} Nbd7 13. f3 Qe8 {[%clk 1:01:53]} 14. Nc2 {[%clk 1:06:40]} c5 15.
Rhe1 Rc8 {[%clk 0:50:41]} 16. d5 {[%clk 0:48:11]} Ne5 {[%clk 0:45:14]} 17. Bxf6
{[%clk 0:34:35]} Rxf6 {[%clk 0:44:59]} 18. e4 f4 19. Bf1 {[%clk 0:32:28]} Qh5
{[%clk 0:36:47]} 20. dxe6 {[%clk 0:29:51]} Rxe6 {[%clk 0:37:03]} 21. h3
{[%clk 0:21:55]} Bc6 22. Rd2 Qf7 {[%clk 0:20:52]} 23. Red1 {[%clk 0:20:34]} Qf8
{[%clk 0:19:33]} 24. Ne1 {[%clk 0:20:22]} Bb7 25. Nd3 Nc6 {[%clk 0:17:54]} 26.
Kb1 {[%clk 0:14:22]} Nd4 {[%clk 0:12:04]} 27. Nc1 {[%clk 0:08:54]} Rb8 28. b4
{[%clk 0:09:06]} axb3 {[%clk 0:06:11]} 29. Nxb3 Nc6 {[%clk 0:06:20]} 30. Na1
{[%clk 0:05:30]} Ne5 31. Rb2 Bc6 {[%clk 0:05:33]} 32. Nc2 {[%clk 0:02:38]} Ba4
{[%clk 0:01:36]} 33. Rd5 {[%clk 0:02:18]} Bxc2+ 34. Qxc2 Qe7 {[%clk 0:00:56]} 35.
Qa4 {[%clk 0:01:02]} Qc7 {[%clk 0:00:59]} 36. Qc2 {[%clk 0:00:49]} Rf6
{[%clk 0:00:36]} 37. Qd2 h6 38. h4 {[%clk 0:00:51]} g5 {[%clk 0:00:49]} 39. Qc3
{[%clk 0:00:41]} Kf7 {[%clk 0:00:51]} 40. hxg5 {[%clk 0:30:47]} hxg5
{[%clk 0:31:20]} 41. Rbd2 {[%clk 0:27:44]} Ke7 {[%clk 0:18:26]} 42. Kc1
{[%clk 0:16:14]} Rh8 {[%clk 0:13:40]} 43. Kd1 {[%clk 0:09:16]} Rg8
{[%clk 0:11:26]} 44. Be2 {[%clk 0:08:27]} Re6 {[%clk 0:09:06]} 45. Ke1
{[%clk 0:07:18]} Nc6 {[%clk 0:07:55]} 46. Qd3 {[%clk 0:04:30]} Rgg6
{[%clk 0:03:27]} 47. Kf2 Re5 {[%clk 0:02:32]} 48. Rd1 {[%clk 0:03:31]} Rh6
{[%clk 0:01:54]} 49. Rxe5+ {[%clk 0:00:49]} dxe5 {[%clk 0:02:08]} 50. Qd5
{[%clk 0:01:00]} Rh8 {[%clk 0:02:36]} 51. Rb1 {[%clk 0:00:39]} Rd8
{[%clk 0:02:52]} 0-1

[Event "MP do 16 lat - chlopcy"]
[Site "Sypniewo"]
[Date "2022.03.20"]
[Round "2.18"]
[White "Wiatrowski, Zbigniew"]
[Black "Trzebinski, Patryk"]
[Result "1/2-1/2"]
[BlackElo "1711"]
[WhiteElo "1880"]
[LiveChessVersion "1.4.8"]

1. e4 {[%clk 1:30:59]} c5 {[%clk 1:30:54]} 2. Nf3 {[%clk 1:31:19]} g6
{[%clk 1:31:17]} 3. c3 {[%clk 1:27:50]} Bg7 {[%clk 1:31:04]} 4. d4
{[%clk 1:27:13]} cxd4 {[%clk 1:31:22]} 5. cxd4 {[%clk 1:27:42]} d5
{[%clk 1:31:28]} 6. e5 {[%clk 1:26:28]} Bg4 {[%clk 1:31:31]} 7. Nc3
{[%clk 1:25:44]} Nc6 {[%clk 1:30:37]} 8. Be2 {[%clk 1:25:00]} Nh6
{[%clk 1:26:48]} 9. h3 {[%clk 1:16:34]} Bxf3 {[%clk 1:26:59]} 10. Bxf3
{[%clk 1:16:59]} Nf5 {[%clk 1:24:14]} 11. Bxd5 {[%clk 1:08:40]} Nfxd4
{[%clk 1:22:00]} 12. Bxc6+ {[%clk 1:00:13]} Nxc6 {[%clk 1:21:29]} 13. Qxd8+
{[%clk 0:54:31]} Rxd8 {[%clk 1:21:47]} 14. f4 {[%clk 0:54:29]} O-O
{[%clk 1:19:06]} 15. O-O {[%clk 0:53:20]} Rd3 {[%clk 1:02:35]} 16. Kf2
{[%clk 0:47:40]} f6 {[%clk 0:56:38]} 17. Ke2 {[%clk 0:43:27]} Rfd8
{[%clk 0:43:37]} 18. exf6 {[%clk 0:35:31]} Bxf6 {[%clk 0:43:09]} 19. Ne4
{[%clk 0:34:22]} R3d4 {[%clk 0:42:49]} 20. Nxf6+ {[%clk 0:32:50]} exf6
{[%clk 0:43:15]} 21. Be3 {[%clk 0:31:56]} Re8 {[%clk 0:42:49]} 22. Kf2
{[%clk 0:30:37]} Rde4 {[%clk 0:42:15]} 23. Bc5 {[%clk 0:23:07]} Rxf4+
{[%clk 0:39:45]} 24. Kg3 {[%clk 0:21:46]} Rxf1 {[%clk 0:40:08]} 25. Rxf1
{[%clk 0:22:15]} Kf7 {[%clk 0:39:58]} 26. Rd1 {[%clk 0:21:44]} Re5
{[%clk 0:32:28]} 27. Ba3 {[%clk 0:19:07]} Ke8 {[%clk 0:27:03]} 28. Rd6
{[%clk 0:18:26]} Rf5 {[%clk 0:26:37]} 29. Kh2 {[%clk 0:15:58]} h5
{[%clk 0:19:21]} 30. Kg3 {[%clk 0:14:20]} g5 {[%clk 0:16:58]} 31. h4
{[%clk 0:12:33]} g4 {[%clk 0:16:26]} 32. b3 {[%clk 0:09:43]} Rf1 {[%clk 0:07:54]}
33. Bc5 {[%clk 0:09:04]} Kf7 {[%clk 0:04:31]} 34. Rd7+ {[%clk 0:07:26]} Kg6
{[%clk 0:04:08]} 35. Rxb7 {[%clk 0:07:46]} f5 {[%clk 0:04:00]} 36. Bd6
{[%clk 0:05:32]} Nd4 {[%clk 0:01:23]} 37. Kh2 {[%clk 0:01:26]} Rf2
{[%clk 0:01:31]} 38. Bc5 {[%clk 0:01:24]} Rd2 {[%clk 0:01:34]} 39. Bxd4
{[%clk 0:01:34]} Rxd4 {[%clk 0:01:56]} 40. Rxa7 {[%clk 0:32:02]} Rd2
{[%clk 0:30:32]} 41. Ra6+ {[%clk 0:29:30]} Kg7 {[%clk 0:30:27]} 42. Kg3
{[%clk 0:28:36]} Rd4 {[%clk 0:28:29]} 43. Re6 {[%clk 0:23:12]} f4+
{[%clk 0:25:59]} 44. Kf2 {[%clk 0:23:11]} Rd2+ {[%clk 0:24:26]} 45. Re2
{[%clk 0:23:07]} Rd1 {[%clk 0:22:20]} 46. Rb2 {[%clk 0:13:59]} Kf6
{[%clk 0:07:20]} 47. b4 {[%clk 0:14:05]} g3+ {[%clk 0:05:49]} 48. Ke2
{[%clk 0:13:40]} Rg1 {[%clk 0:06:17]} 49. Kd3 {[%clk 0:13:36]} f3
{[%clk 0:06:18]} 50. gxf3 {[%clk 0:13:13]} g2 {[%clk 0:06:47]} 51. Rd2
{[%clk 0:09:43]} Ke5 52. Ke4+ 1/2-1/2

[Event "MP do 16 lat - chlopcy"]
[Site "Sypniewo"]
[Date "2022.03.20"]
[Round "2.19"]
[White "Demski, Michal"]
[Black "Bancarewicz, Aleks"]
[Result "1-0"]
[BlackElo "1870"]
[WhiteElo "1678"]
[LiveChessVersion "1.4.8"]

1. e4 {[%clk 1:30:57]} c5 {[%clk 1:30:53]} 2. Nc3 {[%clk 1:31:23]} d6
{[%clk 1:30:40]} 3. d4 {[%clk 1:31:47]} cxd4 {[%clk 1:30:45]} 4. Qxd4
{[%clk 1:32:12]} Nc6 {[%clk 1:30:42]} 5. Qd2 {[%clk 1:32:37]} g6 {[%clk 1:30:50]}
6. b3 {[%clk 1:32:59]} Bh6 {[%clk 1:31:00]} 7. f4 {[%clk 1:32:23]} Nf6
{[%clk 1:30:32]} 8. Bb2 {[%clk 1:28:43]} O-O {[%clk 1:22:36]} 9. O-O-O
{[%clk 1:23:40]} e5 {[%clk 1:17:12]} 10. g3 {[%clk 0:47:26]} Re8 {[%clk 1:00:46]}
11. Bg2 {[%clk 0:37:36]} Nd4 {[%clk 0:53:01]} 12. Kb1 {[%clk 0:35:52]} Bg4
{[%clk 0:38:48]} 13. Rf1 {[%clk 0:26:26]} Qa5 {[%clk 0:32:45]} 14. h3
{[%clk 0:23:39]} Bd7 {[%clk 0:28:55]} 15. Nf3 {[%clk 0:18:57]} Bg7
{[%clk 0:18:29]} 16. Nd5 {[%clk 0:07:31]} Qxd2 {[%clk 0:09:34]} 17. Nxf6+ Bxf6
{[%clk 0:10:03]} 18. Nxd2 {[%clk 0:07:55]} Bb5 {[%clk 0:07:40]} 19. Re1
{[%clk 0:05:24]} Ba6 {[%clk 0:04:58]} 20. Bf1 {[%clk 0:03:24]} Bxf1
{[%clk 0:02:55]} 21. Rhxf1 {[%clk 0:03:46]} b5 {[%clk 0:02:17]} 22. Bxd4
{[%clk 0:02:27]} exd4 {[%clk 0:02:46]} 23. Nf3 {[%clk 0:02:40]} Rac8
{[%clk 0:01:07]} 24. g4 {[%clk 0:00:57]} Rc3 {[%clk 0:01:12]} 25. e5
{[%clk 0:00:56]} dxe5 {[%clk 0:01:24]} 26. fxe5 {[%clk 0:01:23]} Bg7
{[%clk 0:01:22]} 27. Nxd4 {[%clk 0:00:58]} Rxe5 {[%clk 0:01:44]} 28. Rxe5
{[%clk 0:01:16]} Bxe5 {[%clk 0:02:13]} 29. Nxb5 {[%clk 0:01:34]} Rxh3
{[%clk 0:02:01]} 30. Nxa7 {[%clk 0:01:58]} Rg3 {[%clk 0:01:07]} 31. a4
{[%clk 0:01:44]} Rxg4 {[%clk 0:01:00]} 32. a5 {[%clk 0:01:24]} Bd4
{[%clk 0:00:32]} 33. Nc6 {[%clk 0:01:32]} Bc5 {[%clk 0:00:33]} 34. a6
{[%clk 0:01:15]} h5 {[%clk 0:00:40]} 35. a7 {[%clk 0:01:20]} Bxa7
{[%clk 0:01:09]} 36. Nxa7 {[%clk 0:01:50]} h4 {[%clk 0:01:31]} 37. c4
{[%clk 0:01:28]} h3 {[%clk 0:01:23]} 38. Rh1 {[%clk 0:01:51]} Rg3
{[%clk 0:01:52]} 39. Kb2 {[%clk 0:01:20]} Kf8 {[%clk 0:02:04]} 40. c5
{[%clk 0:31:36]} Ke7 {[%clk 0:32:21]} 41. c6 {[%clk 0:24:26]} Kd8
{[%clk 0:25:40]} 42. Rc1 {[%clk 0:21:58]} Rg2+ {[%clk 0:24:13]} 43. Ka3
{[%clk 0:21:57]} h2 {[%clk 0:21:57]} 44. c7+ {[%clk 0:22:16]} Ke7
{[%clk 0:22:22]} 45. c8=Q {[%clk 0:22:33]} Rg1 {[%clk 0:22:44]} 46. Qc5+
{[%clk 0:22:58]} Kf6 {[%clk 0:23:08]} 47. Rxg1 {[%clk 0:23:19]} 1-0

[Event "MP do 16 lat - chlopcy"]
[Site "Sypniewo"]
[Date "2022.03.20"]
[Round "2.20"]
[White "Melerowicz, Dominik"]
[Black "Pisarek, Jan"]
[Result "1-0"]
[BlackElo "1703"]
[WhiteElo "1825"]
[LiveChessVersion "1.4.8"]

1. e4 {[%clk 1:30:59]} c5 {[%clk 1:30:54]} 2. Nf3 {[%clk 1:31:23]} e6
{[%clk 1:31:15]} 3. d4 {[%clk 1:31:48]} cxd4 {[%clk 1:31:40]} 4. Nxd4
{[%clk 1:32:12]} Nf6 {[%clk 1:32:03]} 5. Bd3 {[%clk 1:32:15]} Nc6
{[%clk 1:32:18]} 6. Nxc6 {[%clk 1:31:17]} bxc6 {[%clk 1:32:39]} 7. e5
{[%clk 1:30:46]} Qa5+ {[%clk 1:32:30]} 8. Nc3 {[%clk 1:30:28]} Qxe5+
{[%clk 1:32:10]} 9. Ne2 {[%clk 1:29:56]} d5 {[%clk 1:23:38]} 10. O-O
{[%clk 1:29:02]} Qc7 {[%clk 1:22:52]} 11. Bg5 {[%clk 1:24:52]} Be7
{[%clk 1:21:03]} 12. Ng3 {[%clk 1:24:25]} h6 {[%clk 1:19:19]} 13. Bd2
{[%clk 1:23:17]} Rb8 {[%clk 1:09:43]} 14. Qc1 {[%clk 1:18:21]} Bd6
{[%clk 1:03:15]} 15. Re1 {[%clk 1:14:27]} Kf8 {[%clk 0:55:26]} 16. c4
{[%clk 1:09:18]} h5 {[%clk 0:45:39]} 17. c5 {[%clk 0:36:42]} Be5 {[%clk 0:45:07]}
18. Rb1 {[%clk 0:24:59]} Ng4 {[%clk 0:31:39]} 19. Be2 {[%clk 0:23:08]} g6
{[%clk 0:21:30]} 20. Bxg4 {[%clk 0:23:01]} hxg4 {[%clk 0:21:51]} 21. Rxe5
{[%clk 0:23:03]} f6 {[%clk 0:13:58]} 22. Re1 {[%clk 0:17:43]} e5 {[%clk 0:12:17]}
23. Qc3 {[%clk 0:14:14]} Qh7 {[%clk 0:11:24]} 24. Nf1 {[%clk 0:14:24]} Bf5
{[%clk 0:05:04]} 25. Rbc1 {[%clk 0:13:07]} g5 {[%clk 0:03:24]} 26. Bxg5
{[%clk 0:11:24]} fxg5 {[%clk 0:03:35]} 27. Qxe5 {[%clk 0:11:47]} Rc8
{[%clk 0:03:34]} 28. Qf6+ {[%clk 0:11:58]} Kg8 {[%clk 0:03:54]} 29. Re7
{[%clk 0:12:13]} Qg6 {[%clk 0:03:55]} 30. Qxg6+ {[%clk 0:12:19]} Bxg6
{[%clk 0:04:20]} 31. Rxa7 {[%clk 0:12:34]} Rh7 {[%clk 0:03:11]} 32. Rxh7
{[%clk 0:12:50]} Bxh7 {[%clk 0:03:29]} 33. Ne3 {[%clk 0:13:13]} d4
{[%clk 0:03:08]} 34. Nxg4 {[%clk 0:13:35]} Bf5 {[%clk 0:02:23]} 1-0

[Event "MP do 16 lat - chlopcy"]
[Site "Sypniewo"]
[Date "2022.03.20"]
[Round "2.21"]
[White "Wesolek, Krzysztof"]
[Black "Pancewicz, Szymon"]
[Result "1-0"]
[BlackElo "1814"]
[WhiteElo "1651"]
[LiveChessVersion "1.4.8"]

1. e4 {[%clk 1:30:57]} c5 {[%clk 1:19:38]} 2. Nf3 {[%clk 1:31:22]} e6
{[%clk 1:17:31]} 3. d4 {[%clk 1:31:47]} cxd4 {[%clk 1:16:10]} 4. Qxd4
{[%clk 1:32:15]} Nc6 {[%clk 1:12:37]} 5. Qe3 {[%clk 1:32:38]} Nf6
{[%clk 1:08:41]} 6. Be2 {[%clk 1:31:14]} d5 {[%clk 1:00:05]} 7. exd5
{[%clk 1:31:36]} Nxd5 {[%clk 0:58:22]} 8. Qb3 {[%clk 1:30:56]} Bc5
{[%clk 0:52:49]} 9. O-O {[%clk 1:28:34]} O-O {[%clk 0:48:24]} 10. c4
{[%clk 1:09:45]} Nf6 {[%clk 0:41:24]} 11. Nc3 {[%clk 1:05:43]} h6
{[%clk 0:33:22]} 12. Bf4 {[%clk 0:54:34]} Qe7 {[%clk 0:30:29]} 13. Bg3
{[%clk 0:47:21]} e5 {[%clk 0:24:10]} 14. Rfe1 {[%clk 0:36:56]} Bf5
{[%clk 0:15:59]} 15. Bf1 {[%clk 0:23:55]} e4 {[%clk 0:13:52]} 16. Rad1
{[%clk 0:15:46]} Bb4 {[%clk 0:08:24]} 17. a3 {[%clk 0:07:56]} Bxc3
{[%clk 0:08:10]} 18. Qxc3 {[%clk 0:08:24]} Rad8 {[%clk 0:07:38]} 19. Nd4
{[%clk 0:06:10]} Bg4 {[%clk 0:06:08]} 20. Nxc6 {[%clk 0:04:36]} bxc6
{[%clk 0:06:28]} 21. Rxd8 {[%clk 0:05:01]} Rxd8 {[%clk 0:06:44]} 22. h3
{[%clk 0:04:27]} Be6 {[%clk 0:06:34]} 23. Be5 {[%clk 0:03:21]} Bf5
{[%clk 0:05:00]} 24. Bd4 {[%clk 0:02:05]} c5 {[%clk 0:04:25]} 25. Bxf6
{[%clk 0:01:28]} Qxf6 {[%clk 0:04:27]} 26. Qxf6 {[%clk 0:01:33]} gxf6
{[%clk 0:04:56]} 27. b4 {[%clk 0:01:50]} Rc8 {[%clk 0:03:34]} 28. g4
{[%clk 0:01:20]} Bg6 {[%clk 0:03:41]} 29. Kg2 {[%clk 0:01:36]} f5
{[%clk 0:03:54]} 30. Kg3 {[%clk 0:01:56]} fxg4 {[%clk 0:03:41]} 31. hxg4
{[%clk 0:02:18]} Kg7 {[%clk 0:03:25]} 32. Rd1 {[%clk 0:02:01]} Rc7
{[%clk 0:02:49]} 33. Kf4 {[%clk 0:01:43]} Kf6 {[%clk 0:02:34]} 34. b5
{[%clk 0:01:16]} Ke6 {[%clk 0:01:37]} 35. Bh3 {[%clk 0:01:06]} Ke7
{[%clk 0:01:20]} 36. Bg2 {[%clk 0:01:11]} h5 {[%clk 0:00:39]} 37. Bxe4
{[%clk 0:01:02]} Bxe4 {[%clk 0:00:42]} 38. Kxe4 {[%clk 0:01:30]} hxg4
{[%clk 0:00:51]} 39. Kf5 {[%clk 0:01:22]} Rc8 {[%clk 0:00:44]} 40. Rd5
{[%clk 0:31:10]} f6 {[%clk 0:30:42]} 41. Kxg4 {[%clk 0:30:45]} Ke6
{[%clk 0:29:25]} 42. f4 {[%clk 0:29:46]} Rc7 {[%clk 0:26:10]} 43. f5+
{[%clk 0:29:07]} Ke7 {[%clk 0:25:03]} 44. Kf4 {[%clk 0:29:32]} Kf7
{[%clk 0:23:56]} 45. a4 {[%clk 0:29:56]} Ke8 {[%clk 0:22:33]} 46. a5
{[%clk 0:30:05]} Ke7 {[%clk 0:20:17]} 47. Ke4 {[%clk 0:30:28]} Rc8
{[%clk 0:19:35]} 48. Kd3 {[%clk 0:30:08]} Rc7 {[%clk 0:15:51]} 49. Kc3
{[%clk 0:30:29]} Rd7 {[%clk 0:13:54]} 50. Rxd7+ {[%clk 0:30:03]} Kxd7
{[%clk 0:14:22]} 51. Kd3 {[%clk 0:30:26]} Kc7 {[%clk 0:14:33]} 52. Ke4
{[%clk 0:30:45]} Kd6 {[%clk 0:14:54]} 53. b6 {[%clk 0:30:52]} axb6
{[%clk 0:15:01]} 54. axb6 {[%clk 0:31:21]} Kc6 {[%clk 0:15:23]} 55. b7
{[%clk 0:31:40]} Kxb7 {[%clk 0:15:51]} 56. Kd5 {[%clk 0:32:03]} Kb6
{[%clk 0:15:52]} 57. Kd6 {[%clk 0:32:26]} Kb7 {[%clk 0:16:16]} 58. Kxc5
{[%clk 0:32:40]} Kc7 {[%clk 0:16:44]} 59. Kd5 {[%clk 0:32:55]} 1-0

[Event "MP do 16 lat - chlopcy"]
[Site "Sypniewo"]
[Date "2022.03.20"]
[Round "2.22"]
[White "Lysakowski, Kamil"]
[Black "Jendrowiak, Maciej"]
[Result "1-0"]
[BlackElo "1650"]
[WhiteElo "1805"]
[LiveChessVersion "1.4.8"]

1. e4 {[%clk 1:30:52]} c6 {[%clk 1:30:41]} 2. Nc3 {[%clk 1:31:13]} d5
{[%clk 1:30:39]} 3. d4 {[%clk 1:31:35]} dxe4 {[%clk 1:30:41]} 4. Nxe4
{[%clk 1:31:58]} Bf5 {[%clk 1:31:03]} 5. Ng3 {[%clk 1:32:16]} Bg6
{[%clk 1:31:24]} 6. h4 {[%clk 1:32:37]} h6 {[%clk 1:31:41]} 7. Nf3
{[%clk 1:32:58]} Nd7 {[%clk 1:32:07]} 8. Bd3 {[%clk 1:32:55]} Bxd3
{[%clk 1:32:19]} 9. Qxd3 {[%clk 1:33:20]} e6 {[%clk 1:32:40]} 10. Bf4
{[%clk 1:33:38]} Qa5+ {[%clk 1:32:28]} 11. Bd2 {[%clk 1:33:57]} Bb4
{[%clk 1:32:39]} 12. c3 {[%clk 1:34:15]} Be7 {[%clk 1:33:02]} 13. c4
{[%clk 1:34:35]} Qc7 {[%clk 1:33:20]} 14. O-O {[%clk 1:28:42]} Ngf6
{[%clk 1:31:50]} 15. Rfe1 {[%clk 1:23:13]} O-O {[%clk 1:28:45]} 16. Qe2
{[%clk 1:15:42]} Rfe8 {[%clk 1:26:17]} 17. Ne5 {[%clk 1:07:59]} c5
{[%clk 1:22:11]} 18. Nxd7 {[%clk 1:02:21]} Nxd7 {[%clk 1:21:16]} 19. dxc5
{[%clk 1:00:04]} Bxh4 {[%clk 1:17:05]} 20. Ne4 {[%clk 0:56:51]} Nxc5
{[%clk 1:14:21]} 21. Qh5 {[%clk 0:47:28]} Nxe4 {[%clk 0:50:11]} 22. Rxe4
{[%clk 0:47:41]} Bg5 {[%clk 0:50:14]} 23. Bxg5 {[%clk 0:47:28]} hxg5
{[%clk 0:50:37]} 24. Qxg5 {[%clk 0:45:06]} f6 {[%clk 0:49:42]} 25. Qe3
{[%clk 0:39:56]} Kf7 {[%clk 0:45:10]} 26. Re1 {[%clk 0:38:49]} Qc6
{[%clk 0:44:06]} 27. b4 {[%clk 0:36:31]} a6 {[%clk 0:41:12]} 28. Qh3
{[%clk 0:27:40]} f5 {[%clk 0:28:26]} 29. Rh4 {[%clk 0:24:22]} Rad8
{[%clk 0:22:03]} 30. g4 {[%clk 0:16:48]} Qc8 {[%clk 0:19:59]} 31. Rh7
{[%clk 0:14:05]} Qxc4 {[%clk 0:09:50]} 32. Qh5+ {[%clk 0:12:50]} Kf6
{[%clk 0:09:06]} 33. g5+ {[%clk 0:11:06]} Ke7 {[%clk 0:09:35]} 34. Rxg7+
{[%clk 0:10:24]} Kd6 {[%clk 0:10:05]} 35. Rd1+ {[%clk 0:08:19]} Ke5
{[%clk 0:09:08]} 36. Qh2+ {[%clk 0:04:43]} f4 {[%clk 0:09:18]} 37. Re1+
{[%clk 0:05:06]} Kd6 {[%clk 0:09:26]} 38. Qh7 {[%clk 0:02:43]} Rh8
{[%clk 0:08:15]} 39. Rd1+ {[%clk 0:01:50]} Ke5 {[%clk 0:08:27]} 40. Re1+
{[%clk 0:32:14]} Kd6 {[%clk 0:38:33]} 41. Rd7+ {[%clk 0:22:14]} Rxd7
{[%clk 0:31:56]} 42. Rd1+ {[%clk 0:18:24]} Kc6 {[%clk 0:31:10]} 43. Qxd7+
{[%clk 0:18:33]} Kb6 {[%clk 0:31:13]} 44. Qd6+ {[%clk 0:06:39]} Ka7
{[%clk 0:30:54]} 45. Qd4+ {[%clk 0:05:31]} Qxd4 {[%clk 0:31:13]} 46. Rxd4
{[%clk 0:06:00]} Rg8 {[%clk 0:31:21]} 47. Kg2 {[%clk 0:04:46]} e5
{[%clk 0:31:14]} 48. Rd5 {[%clk 0:04:57]} Rxg5+ {[%clk 0:31:38]} 49. Kf3
{[%clk 0:05:16]} Kb6 {[%clk 0:31:01]} 50. Ke4 {[%clk 0:05:17]} Rg2
{[%clk 0:30:59]} 51. Rd2 {[%clk 0:04:39]} Rg5 {[%clk 0:31:15]} 52. f3
{[%clk 0:03:19]} Kb5 {[%clk 0:28:42]} 53. Rd7 {[%clk 0:02:22]} b6
{[%clk 0:28:50]} 54. Rd6 {[%clk 0:02:35]} a5 {[%clk 0:28:25]} 55. bxa5
{[%clk 0:02:41]} bxa5 {[%clk 0:27:19]} 56. Rd8 {[%clk 0:01:56]} Kb4
{[%clk 0:26:29]} 57. Rd3 {[%clk 0:01:54]} a4 {[%clk 0:26:29]} 58. Kd5
{[%clk 0:01:43]} Kb5 {[%clk 0:26:35]} 59. a3 {[%clk 0:01:52]} Rh5
{[%clk 0:26:24]} 60. Rd1 {[%clk 0:02:00]} Ka5 {[%clk 0:25:28]} 61. Rb1
{[%clk 0:01:46]} Rh3 {[%clk 0:24:36]} 62. Ke4 {[%clk 0:01:45]} Rh5
{[%clk 0:24:48]} 63. Rb8 {[%clk 0:01:59]} Rg5 {[%clk 0:24:55]} 64. Ra8+
{[%clk 0:01:47]} Kb5 {[%clk 0:25:16]} 65. Rb8+ {[%clk 0:02:16]} Ka5
{[%clk 0:25:39]} 66. Rd8 {[%clk 0:01:24]} Kb5 {[%clk 0:26:02]} 67. Kd5
{[%clk 0:01:34]} Rh5 {[%clk 0:25:23]} 68. Rc8 {[%clk 0:01:38]} Kb6
{[%clk 0:24:57]} 69. Rb8+ {[%clk 0:01:26]} Ka6 {[%clk 0:23:26]} 70. Ke4
{[%clk 0:01:13]} Ka5 {[%clk 0:23:43]} 71. Rb7 {[%clk 0:01:41]} Rg5
{[%clk 0:23:40]} 72. Re7 {[%clk 0:01:35]} Kb5 {[%clk 0:23:36]} 73. Rb7+
{[%clk 0:01:59]} Ka5 {[%clk 0:23:57]} 74. Re7 {[%clk 0:02:26]} Kb5
{[%clk 0:24:21]} 75. Rd7 {[%clk 0:01:20]} Kc4 {[%clk 0:24:27]} 76. Rb7
{[%clk 0:01:36]} Kc5 {[%clk 0:12:48]} 77. Rb4 {[%clk 0:02:00]} Kc6
{[%clk 0:11:36]} 78. Rxa4 {[%clk 0:02:25]} Kb5 {[%clk 0:12:05]} 79. Ra8
{[%clk 0:02:24]} Rg3 {[%clk 0:12:10]} 80. a4+ {[%clk 0:01:38]} Kc6
{[%clk 0:11:44]} 81. Ra5 {[%clk 0:01:57]} Kd6 {[%clk 0:11:37]} 82. Ra6+
{[%clk 0:02:06]} Kc5 {[%clk 0:11:55]} 83. Re6 {[%clk 0:01:43]} Kb4
{[%clk 0:11:52]} 84. Rxe5 {[%clk 0:01:59]} Kxa4 {[%clk 0:12:09]} 85. Kxf4
{[%clk 0:02:20]} Rg8 {[%clk 0:12:32]} 86. Ke4 {[%clk 0:02:32]} Kb4
{[%clk 0:12:53]} 87. f4 {[%clk 0:02:39]} Kc4 {[%clk 0:13:19]} 88. Re7
{[%clk 0:02:45]} Kc5 {[%clk 0:12:21]} 89. Ke5 {[%clk 0:03:14]} Kc6
{[%clk 0:10:51]} 90. f5 {[%clk 0:03:32]} Rg1 {[%clk 0:10:44]} 91. Ke6
{[%clk 0:03:00]} Re1+ {[%clk 0:10:31]} 92. Kf7 {[%clk 0:03:11]} Rf1
{[%clk 0:10:55]} 93. f6 {[%clk 0:02:33]} Kd6 {[%clk 0:11:25]} 94. Re2
{[%clk 0:02:38]} Rf3 {[%clk 0:11:08]} 95. Rg2 {[%clk 0:02:50]} Ke5
{[%clk 0:09:28]} 96. Kg7 {[%clk 0:03:08]} Ke6 {[%clk 0:09:25]} 97. Re2+
{[%clk 0:03:29]} Kd7 {[%clk 0:09:36]} 98. f7 {[%clk 0:03:12]} Rg3+
{[%clk 0:09:56]} 99. Kf8 {[%clk 0:03:34]} Rf3 {[%clk 0:09:51]} 100. Re5
{[%clk 0:03:24]} Kd6 {[%clk 0:10:11]} 101. Rg5 {[%clk 0:02:31]} Ke6
{[%clk 0:10:22]} 102. Rg6+ {[%clk 0:02:37]} Kd7 {[%clk 0:10:51]} 103. Rg2
{[%clk 0:02:31]} Ke6 {[%clk 0:10:45]} 104. Kg8 {[%clk 0:02:49]} 1-0

[Event "MP do 16 lat - chlopcy"]
[Site "Sypniewo"]
[Date "2022.03.20"]
[Round "2.23"]
[White "Goral, Jan"]
[Black "Kotowicz, Kamil"]
[Result "1-0"]
[BlackElo "1764"]
[WhiteElo "1618"]
[LiveChessVersion "1.4.8"]

1. Nf3 {[%clk 1:30:53]} d5 {[%clk 1:30:16]} 2. c4 {[%clk 1:31:12]} e6
{[%clk 1:30:26]} 3. g3 {[%clk 1:31:28]} c6 {[%clk 1:26:15]} 4. Bg2
{[%clk 1:30:55]} Bd6 {[%clk 1:26:30]} 5. O-O {[%clk 1:27:59]} Nf6
{[%clk 1:25:13]} 6. Qc2 {[%clk 1:23:35]} O-O {[%clk 1:25:06]} 7. d4
{[%clk 1:21:14]} Nbd7 {[%clk 1:22:59]} 8. Nbd2 {[%clk 1:18:46]} Re8
{[%clk 1:22:40]} 9. b3 {[%clk 1:16:03]} e5 {[%clk 1:21:42]} 10. dxe5
{[%clk 1:15:58]} Nxe5 {[%clk 1:21:56]} 11. Bb2 {[%clk 1:16:07]} Qe7
{[%clk 1:17:55]} 12. Rfe1 {[%clk 1:14:05]} dxc4 {[%clk 1:17:50]} 13. bxc4
{[%clk 1:05:14]} Neg4 {[%clk 1:10:09]} 14. e4 {[%clk 1:01:32]} Bc5
{[%clk 1:06:32]} 15. Nd4 {[%clk 0:59:38]} Be6 {[%clk 1:01:30]} 16. N2b3
{[%clk 0:46:34]} Bb6 {[%clk 1:00:12]} 17. f4 {[%clk 0:40:53]} Nh6
{[%clk 0:50:56]} 18. Kh1 {[%clk 0:28:55]} Nd7 {[%clk 0:40:16]} 19. Qc3
{[%clk 0:24:07]} f6 {[%clk 0:39:15]} 20. Rad1 {[%clk 0:22:01]} a5
{[%clk 0:37:19]} 21. Nxe6 {[%clk 0:20:25]} Qxe6 {[%clk 0:37:14]} 22. Nd4
{[%clk 0:20:03]} Qf7 {[%clk 0:36:36]} 23. Ba3 {[%clk 0:15:16]} Bc7
{[%clk 0:33:46]} 24. Rb1 {[%clk 0:12:57]} Rab8 {[%clk 0:33:04]} 25. c5
{[%clk 0:11:05]} Nf8 {[%clk 0:25:29]} 26. Bf1 {[%clk 0:10:04]} Qh5
{[%clk 0:25:16]} 27. Bc4+ {[%clk 0:09:57]} Kh8 {[%clk 0:25:38]} 28. Kg2
{[%clk 0:09:43]} Qg6 {[%clk 0:21:52]} 29. Qf3 {[%clk 0:09:32]} Red8
{[%clk 0:21:15]} 30. Rbd1 {[%clk 0:09:13]} a4 {[%clk 0:20:00]} 31. Bb4
{[%clk 0:08:20]} Qe8 {[%clk 0:18:25]} 32. g4 {[%clk 0:04:17]} b5 {[%clk 0:16:37]}
33. cxb6 {[%clk 0:03:15]} Bxb6 {[%clk 0:16:57]} 34. Bc3 {[%clk 0:03:01]} Ng6
{[%clk 0:16:26]} 35. Kg3 {[%clk 0:02:46]} Bxd4 {[%clk 0:07:13]} 36. Bxd4
{[%clk 0:03:09]} Qe7 {[%clk 0:07:23]} 37. h4 {[%clk 0:01:48]} Qb4
{[%clk 0:06:11]} 38. Qc3 {[%clk 0:01:42]} Qe7 {[%clk 0:02:59]} 39. g5
{[%clk 0:01:09]} Ng8 {[%clk 0:01:57]} 40. h5 {[%clk 0:30:38]} Rxd4
{[%clk 0:30:37]} 41. Qxd4 {[%clk 0:28:30]} fxg5 {[%clk 0:28:59]} 42. hxg6
{[%clk 0:26:09]} gxf4+ {[%clk 0:29:05]} 43. Kf3 {[%clk 0:22:21]} Qh4
{[%clk 0:28:53]} 44. Rg1 {[%clk 0:19:35]} Qh3+ {[%clk 0:28:32]} 45. Kf2
{[%clk 0:18:09]} Qh2+ {[%clk 0:28:37]} 46. Rg2 {[%clk 0:16:51]} Qh4+
{[%clk 0:29:03]} 47. Ke2 {[%clk 0:14:59]} Qh3 {[%clk 0:27:22]} 48. Rf2
{[%clk 0:14:53]} Re8 {[%clk 0:26:39]} 49. Bxg8 {[%clk 0:13:52]} Kxg8
{[%clk 0:26:46]} 50. gxh7+ {[%clk 0:14:04]} Kxh7 {[%clk 0:26:08]} 51. Rd3
{[%clk 0:13:10]} Qh5+ {[%clk 0:26:23]} 52. Kd2 {[%clk 0:12:33]} Qa5+
{[%clk 0:26:33]} 53. Kc2 {[%clk 0:12:24]} Qb5 {[%clk 0:25:44]} 54. Rh3+
{[%clk 0:11:07]} Kg8 {[%clk 0:25:54]} 55. Rg2 {[%clk 0:11:07]} Re7
{[%clk 0:23:47]} 56. Qd8+ {[%clk 0:11:22]} Kf7 {[%clk 0:24:11]} 57. Rxg7+
{[%clk 0:11:43]} Kxg7 {[%clk 0:24:37]} 58. Qxe7+ {[%clk 0:12:00]} Kg8
{[%clk 0:24:42]} 59. Qe8+ {[%clk 0:11:13]} Kg7 {[%clk 0:25:00]} 60. Qh8+
{[%clk 0:11:17]} 1-0